| 000 | 00374nam a2200157 4500 | ||
|---|---|---|---|
| 020 | _a0070737932 | ||
| 041 | _aENG | ||
| 082 | 0 | 0 |
_a200.1 _bSMA |
| 100 | 1 | _aSmart, Ninian, | |
| 245 | 1 | 4 | _aThe phenomenon of religion |
| 260 |
_a[New York] _bHerder and Herder _c[1973] |
||
| 300 | _av, 157 p. | ||
| 490 | 0 | _aPhilosophy of religion series | |
| 650 | 0 | _aReligion. | |
| 942 | _cBK | ||
| 999 |
_c22724 _d22724 |
||